[Event "FRA-chT4 0304"]
[Site "Champagne Ardenne"]
[Date "2004.03.14"]
[Round "6"]
[White "Lambert, Adrien"]
[Black "Vautrot, Francis"]
[Result "1-0"]
[WhiteElo "2000"]
[BlackElo "1880"]
[PlyCount "85"]
[EventDate "2003.10.??"]
[EventRounds "6"]
[EventCountry "FRA"]
[SourceTitle "EXT 2005"]
[Source "ChessBase"]
[SourceDate "2004.11.15"]
[SourceVersion "1"]
[SourceVersionDate "2004.11.15"]
[SourceQuality "1"]

1. e4 Nf6 2. e5 Nd5 3. Nf3 d6 4. exd6 cxd6 5. d4 Nc6 6. c4 Nb6 7. Be3 g6 8. Bd3 Bg7 9. Nbd2 Nb4 10. Bb1 Bg4 11. Qb3 Nc6 12. Bd3 0-0 13. h3 Bd7 14. 0-0 e5 15. dxe5 dxe5 16. a3 Be6 17. Rad1 Na5 18. Qb5 Qxd3 19. Qxa5 Nxc4 20. Nxc4 Qxc4 21. Nxe5 Qe4 22. Nd7 b6 23. Qg5 f6 24. Qg3 Rfd8 25. Nxb6 axb6 26. Bxb6 Rxd1 27. Rxd1 f5 28. f3 Qe2 29. Re1 Qc4 30. Qd6 Re8 31. b4 Bc3 32. Re3 Bf6 33. Bc5 Bg5 34. Re1 Bh4 35. g3 Bf6 36. a4 Kf7 37. a5 Qc3 38. Re3 Qc1+ 39. Kf2 Bc4 40. Qc7+ Be7 41. Rxe7+ Kf6 42. Qe5+ Kg5 43. Be3+ 1-0

[Event "FRA-chT4 0304"]
[Site "Champagne Ardenne"]
[Date "2003.11.16"]
[Round "2"]
[White "Jaureguy, Alain"]
[Black "Vautrot, Francis"]
[Result "1-0"]
[WhiteElo "1890"]
[BlackElo "1930"]
[PlyCount "83"]
[EventDate "2003.10.??"]
[EventRounds "6"]
[EventCountry "FRA"]
[SourceTitle "EXT 2005"]
[Source "ChessBase"]
[SourceDate "2004.11.15"]
[SourceVersion "1"]
[SourceVersionDate "2004.11.15"]
[SourceQuality "1"]

1. c4 Nf6 2. Nc3 g6 3. g3 Bg7 4. Bg2 0-0 5. Nf3 d6 6. 0-0 c6 7. d4 Bg4 8. Re1 Qc8 9. Bg5 h6 10. Bd2 Bh3 11. Qc1 Bxg2 12. Kxg2 Kh7 13. Qc2 Nbd7 14. Rad1 e5 15. e3 Nh5 16. Bc1 f5 17. Nh4 e4 18. Kg1 Qd8 19. Qe2 Ndf6 20. h3 Qd7 21. Kh2 g5 22. Ng2 Rg8 23. f3 exf3 24. Qxf3 g4 25. hxg4 Nxg4+ 26. Kg1 Rae8 27. e4 f4 28. Bxf4 Nxf4 29. Nxf4 Ref8 30. Nce2 Nf6 31. e5 Ne8 32. Qd3+ Qf5 33. Qxf5+ Rxf5 34. e6 Bf6 35. Kf2 Nc7 36. Nc3 Bg5 37. Re4 d5 38. Re5 Rxe5 39. dxe5 dxc4 40. Ne4 Rg7 41. Nf6+ Kh8 42. Rd8+ 1-0

[Event "FRA-chT4 0304"]
[Site "Champagne Ardenne"]
[Date "2003.10.12"]
[Round "1"]
[White "Vautrot, Francis"]
[Black "Fageot, Julien"]
[Result "0-1"]
[WhiteElo "1930"]
[BlackElo "1967"]
[PlyCount "66"]
[EventDate "2003.10.??"]
[EventRounds "6"]
[EventCountry "FRA"]
[SourceTitle "EXT 2005"]
[Source "ChessBase"]
[SourceDate "2004.11.15"]
[SourceVersion "1"]
[SourceVersionDate "2004.11.15"]
[SourceQuality "1"]

1. e4 e6 2. d4 d5 3. e5 c5 4. c3 Qb6 5. Nf3 Bd7 6. Bd3 Nc6 7. Bc2 cxd4 8. cxd4 Nb4 9. Nc3 Nxc2+ 10. Qxc2 Ne7 11. a3 Nc6 12. Be3 Na5 13. 0-0 Rc8 14. Nd2 Be7 15. f4 f5 16. Rf3 h6 17. Rg3 g5 18. fxg5 hxg5 19. Bf2 g4 20. b4 Nc4 21. Na4 Nxd2 22. Qxc8+ Bxc8 23. Nxb6 axb6 24. Rd3 Nc4 25. Bg3 Bg5 26. Rf1 Bd7 27. Bf4 Be7 28. h3 Bb5 29. Rc3 gxh3 30. gxh3 Rg8+ 31. Kf2 Bh4+ 32. Bg3 Rxg3 33. Rxg3 f4 0-1

[Event "FRA-chT4 0203"]
[Site "Champagne Ardenne"]
[Date "2003.04.06"]
[Round "7"]
[White "Vautrot, Francis"]
[Black "Crepaux, Jean Marie"]
[Result "0-1"]
[WhiteElo "1970"]
[BlackElo "1950"]
[PlyCount "44"]
[EventDate "2002.10.02"]
[EventType "team"]
[EventRounds "7"]
[EventCountry "FRA"]
[SourceTitle "EXT 2005"]
[Source "ChessBase"]
[SourceDate "2004.11.15"]
[SourceVersion "1"]
[SourceVersionDate "2004.11.15"]
[SourceQuality "1"]

1. e4 e5 2. Nf3 Nc6 3. Bc4 Bc5 4. c3 d6 5. d4 exd4 6. cxd4 Bb6 7. Ng5 Nh6 8. Qh5 0-0 9. Nf3 Bg4 10. Qb5 Bxf3 11. gxf3 Nxd4 12. Qh5 Qf6 13. Bxh6 Qxh6 14. Qxh6 gxh6 15. Bd3 Nxf3+ 16. Ke2 Ne5 17. Bc2 Rae8 18. Nc3 Ng6 19. Nd5 Bd4 20. Kd3 c5 21. Rab1 f5 22. Nc7 fxe4+ 0-1

[Event "FRA-chT4 0203"]
[Site "Champagne Ardenne"]
[Date "2002.11.17"]
[Round "2"]
[White "Camus, Berenger"]
[Black "Vautrot, Francis"]
[Result "1-0"]
[WhiteElo "2025"]
[BlackElo "1970"]
[PlyCount "49"]
[EventDate "2002.10.02"]
[EventType "team"]
[EventRounds "7"]
[EventCountry "FRA"]
[SourceTitle "EXT 2005"]
[Source "ChessBase"]
[SourceDate "2004.11.15"]
[SourceVersion "1"]
[SourceVersionDate "2004.11.15"]
[SourceQuality "1"]

1. d4 Nf6 2. c4 c5 3. d5 e6 4. Nc3 exd5 5. cxd5 d6 6. e4 g6 7. f4 Bg7 8. e5 dxe5 9. fxe5 Nfd7 10. e6 fxe6 11. dxe6 Bxc3+ 12. bxc3 Qh4+ 13. g3 Qe4+ 14. Qe2 Qxe2+ 15. Nxe2 Ne5 16. Nf4 0-0 17. Ba3 b6 18. Bg2 Nbc6 19. e7 Re8 20. Nd5 Nd7 21. 0-0 Rb8 22. Nc7 Rxe7 23. Bxc6 Ne5 24. Bd5+ Kg7 25. Rae1 1-0